Handbook Of Business-To-Business Marketing (Record no. 2703)

MARC details
005 - DATE AND TIME OF LATEST TRANSACTION
control field 20250527082744.0
020 ## - INTERNATIONAL STANDARD BOOK NUMBER
International Standard Book Number 978-1-84980-142-3
082 ## - DEWEY DECIMAL CLASSIFICATION NUMBER
Classification number 658. 8 LIL
245 ## - TITLE STATEMENT
Title Handbook Of Business-To-Business Marketing
260 ## - PUBLICATION, DISTRIBUTION, ETC.
Place of publication, distribution, etc. Cheltenham,
Name of publisher, distributor, etc. Edward Elgar,
Date of publication, distribution, etc. 2012.
300 ## - PHYSICAL DESCRIPTION
Extent xxii, 772p.: ill.; figure, table.
Other physical details Index, references.
Dimensions 25cm.
700 ## - ADDED ENTRY--PERSONAL NAME
Other authors/Editors LILIEN, G. L. & GREWAL, R.
856 ## - ELECTRONIC LOCATION AND ACCESS
Link text Access online book
Electronic name Marketing
Path www.e-elgar.com
942 ## - ADDED ENTRY ELEMENTS (KOHA)
Source of classification or shelving scheme Dewey Decimal Classification
Koha item type Books
Holdings
Date last seen Total checkouts Full call number Barcode Cost, replacement price Price effective from Koha item type Lost status Source of classification or shelving scheme Damaged status Not for loan Withdrawn status Home library Current library Shelving location Date acquired Cost, normal purchase price
05/27/2025   658. 8 LIL 00000010170 428400.00 05/27/2025 Books   Dewey Decimal Classification       College of Business Education Main Library College of Business Education Main Library General Collection 07/08/2016 142800.00
05/27/2025   658. 8 LIL 00000010171 428400.00 05/27/2025 Books   Dewey Decimal Classification       College of Business Education Main Library College of Business Education Main Library General Collection 07/08/2016 142800.00
05/27/2025   658. 8 LIL 00000010172 428400.00 05/27/2025 Books   Dewey Decimal Classification       College of Business Education Main Library College of Business Education Main Library General Collection 07/08/2016 142800.00